| 000 | 01684nam0a2200301 4500 | ||
|---|---|---|---|
| 001 | RU\NLR\bibl\1701287 | ||
| 005 | 20260407225204.0 | ||
| 010 | _a978-5-396-00122-0 | ||
| 035 | _a(NLR Aleph) 001692364 | ||
| 090 |
_a1168825 _c1168825 |
||
| 100 | _a20100902d2010 |||y0rusy50 ca | ||
| 101 | 0 | _arus | |
| 102 | _aRU | ||
| 105 | _aa ||||||||| | ||
| 200 | 1 |
_aАрхитектурное наследие на рубеже XX и XXI веков _eпроблемы реставрации и охраны наследия _e[сборник] _fРос. акад. архитектуры и строит. наук, НИИ теории и истории архитектуры и градостроительства _gпод ред. д-ра архитектуры, проф. А.С. Щенкова |
|
| 210 |
_aМосква _cURSS _cКРАСАНД _d2010 |
||
| 215 |
_a144 с. _cил. _d21 |
||
| 320 | _aБиблиогр. в подстроч. примеч. | ||
| 606 | 1 |
_aАрхитектурные памятники _jСборники _xРеставрация _yРоссийская Федерация _92326748 _3RU\NLR\auth\661391660 |
|
| 606 | 1 |
_aАрхитектурные памятники _jСборники _xОхрана _yРоссийская Федерация _92326742 _3RU\NLR\auth\661391656 |
|
| 686 | _aЩ113(2Р)л60я43 | ||
| 702 | 1 |
_aЩенков _bА. С. _gАлексей Серафимович _4340 |
|
| 712 | 0 | 2 |
_4570 _aНИИ теории и истории архитектуры и градостроительства _cМосква _9802584 _3RU\NLR\AUTH\8810153729 |
| 801 | 0 |
_aRU _bNLR _c20100902 _gRCR |
|
| 801 | 1 |
_aRU _bNLR _c20100902 |
|
| 942 | _cBOOK | ||
| 980 | _aNB | ||